Chapman Library

WORLD BANK Breaking Donn Barriers - unlocking Africa,s Potential through Vigorous cometition Policy (Record no. 4401)

000 -LEADER
fixed length control field 00327nam a22001097a 4500
020 ## - INTERNATIONAL STANDARD BOOK NUMBER
ISBN N/A
050 ## - LIBRARY OF CONGRESS CALL NUMBER
Classification number WORLD BANK (WB) 1
245 ## - TITLE STATEMENT
Title WORLD BANK Breaking Donn Barriers - unlocking Africa,s Potential through Vigorous cometition Policy
260 ## - PUBLICATION, DISTRIBUTION, ETC. (IMPRINT)
Place of publication Nairobi Kenya
Name of publisher World Bank Publication
Year of publication 2016
300 ## - PHYSICAL DESCRIPTION
Number of Pages xxxv,
942 ## - ADDED ENTRY ELEMENTS (KOHA)
Koha item type Books
Holdings
Koha item type Collection code Shelving location Accession Number Permanent Location Current Location Date acquired Full call number
BooksReferenceReference6661Chapman LibraryChapman Library2018-02-06WORLD BANK (WB) 1


CSUC Chapman Library is a Koha Automated Library.


Contact us: library@csuc.edu.gh.